00953 a2200169 4500003000500000005001700005040000900022082001400031100002600045245002400071260003400095300001400129505048600143942001200629999001900641952012300660Nust20230208143558.0 cNust a954.6,IZZ aSH Izzatullah9108743 aKashmir Plebisite / aLahorebIqbal publisherc1956 a301 pages aPakistan Scheme’s Opposition (Page-17), Junagarh (Page-42), Kashmir Struggle (Page-51), Azad Kashmir Government (Page-65), Pakistan’s Intervention (Page-86), Security Council (Page-99), Sir Zafarullah’s Deface (Page-119), Vellodi’s Criticism (Page-134), Security Council Resolution (Page-153), China Resolution (Page-199), Ch. Ghulam Abbas (Page-221), Problem Reviewed (Page-228), An Adjustment (Page-246), Six Nations Resolution (Page-254), British Attitude (Page-293).  2ddccBK c194010d194010 00102ddc4070aMCSbMCScGENd2016-12-12o954.6,IZZpMCS29425r2016-12-08w2016-12-12yBKzAlmirah No.61, Shelf No.6